[Event "41st Olympiad Women 2014"]
[Site "Tromso NOR"]
[Date "2014.08.10"]
[Round "8.16"]
[Board "2"]
[White "Franciskovic, Borka"]
[Black "Domarkaite, Laima"]
[Result "1-0"]
[WhiteTitle "WIM"]
[BlackTitle "WFM"]
[WhiteElo "2318"]
[BlackElo "2160"]
[WhiteTeam "Croatia"]
[BlackTeam "Lithuania"]
[WhiteFideId "14507943"]
[BlackFideId "12800341"]
[EventDate "2014.08.02"]

1. c4 Nf6 2. Nf3 e6 3. g3 b6 4. Bg2 Bb7 5. O-O c5 6. Nc3 Be7 7. Re1 Ne4 8. Nxe4
Bxe4 9. d3 Bb7 10. e4 Nc6 11. d4 cxd4 12. Nxd4 Qb8 13. Be3 Nxd4 14. Bxd4 e5 15.
Bc3 Qc7 16. Qh5 d6 17. b3 O-O 18. Bb2 Bc6 19. Rad1 Qb7 20. f4 f5 21. fxe5 dxe5
22. Bxe5 Bb4 23. Re2 Rae8 24. Bb2 Bxe4 25. Bxe4 Rxe4 26. Rd5 Qe7 27. Re5 Bc5+
28. Kg2 Qb7 29. Qf3 Rxe2+ 30. Rxe2 Qd7 31. Bc3 a5 32. Rd2 Qe7 33. Qd5+ Kh8 34.
Qe5 Qxe5 35. Bxe5 Kg8 36. Kf3 Re8 37. Rd5 g6 38. Bd4 Bxd4 39. Rxd4 Re7 40. Rd6
Rb7 41. a4 Kf7 42. Kf4 Ke7 43. Ke5 Rb8 44. h4 Rb7 45. h5 gxh5 46. Rh6 Kd8 47.
Rxh5 Rg7 48. Rh3 Kc7 49. Kxf5 Kc6 50. Kf4 Kc5 51. Rh5+ Kd4 52. Rd5+ Kc3 53. Rb5
Rg6 54. c5 bxc5 55. Rxc5+ Kxb3 56. Rxa5 Kc4 57. Rg5 Ra6 58. a5 Kd4 59. g4 Ra7
60. Rf5 Ra6 61. Kg5 Ke4 62. Rb5 Kf3 63. Kh5 Kf4 64. g5 Rg6 65. Rc5 Ra6 66. Rc4+
Kf5 67. Rc5+ Kf4 68. Rb5 Rg6 69. Kh4 h6 70. Kh5 Rg8 71. g6 Re8 72. Kxh6 1-0

[Event "41st Olympiad Women 2014"]
[Site "Tromso NOR"]
[Date "2014.08.10"]
[Round "8.16"]
[Board "3"]
[White "Batkovskyte, Dominyka"]
[Black "Jelica, Mara"]
[Result "1/2-1/2"]
[BlackTitle "WIM"]
[WhiteElo "2117"]
[BlackElo "2184"]
[WhiteTeam "Lithuania"]
[BlackTeam "Croatia"]
[WhiteFideId "12803243"]
[BlackFideId "14504111"]
[EventDate "2014.08.02"]

1. d4 Nf6 2. c4 g6 3. Nc3 Bg7 4. e4 d6 5. f4 c5 6. d5 O-O 7. Nf3 e6 8. Be2 exd5
9. cxd5 b5 10. e5 dxe5 11. fxe5 Ng4 12. d6 Bb7 13. O-O Nxe5 14. Nxb5 Nbd7 15.
Nc7 Rb8 16. Kh1 Nxf3 17. Bxf3 Bxf3 18. Qxf3 Rb6 19. a4 Ne5 20. Qe4 Rxd6 21. Nb5
Re6 22. Qc2 a6 23. Nc3 Nd3 24. Bg5 Nb4 25. Qc1 Qd4 26. Rf4 Qd3 27. Rf3 Qd7 28.
Qf1 Qb7 29. Rd1 Nc6 30. Nd5 f5 31. Rf2 Re4 32. Rc2 Nb4 33. Rxc5 Nxd5 34. Rcxd5
Qxb2 35. R5d2 Qb3 36. Qxa6 Rxa4 37. Qc6 Re4 38. h3 h6 39. Bxh6 Bxh6 40. Qxg6+
Bg7 41. Rd7 Qc3 42. R1d3 Re1+ 43. Kh2 Qa1 44. Kg3 Qe5+ 45. Kh4 Re4+ 46. g4 Qf6+
47. Qxf6 Bxf6+ 48. Kg3 f4+ 49. Kf3 Rfe8 50. R7d5 Bh4 51. g5 Bg3 52. Kg4 Re3 53.
Rd1 Bh2 54. R1d2 Bg3 55. Rd1 Re1 56. R1d3 Rh1 57. Rf5 Bh2 58. Rf6 Rhe1 59. Rdd6
R1e7 60. h4 Rg7 61. Rd2 Bg1 62. Ra2 Be3 63. Re2 Rf8 64. Rxf8+ Kxf8 65. h5 Rd7
66. Ra2 Rd2 67. Ra8+ Kg7 68. h6+ Kh7 69. Rf8 Rd7 70. Kh5 Rd5 71. Kg4 Rd7 72. Kh5
Rd5 73. Kg4 Bd2 1/2-1/2

[Event "41st Olympiad Women 2014"]
[Site "Tromso NOR"]
[Date "2014.08.10"]
[Round "8.16"]
[Board "4"]
[White "Purgar, Ivona"]
[Black "Vanagaite, Giedre"]
[Result "1/2-1/2"]
[WhiteTitle "WFM"]
[WhiteElo "2102"]
[BlackElo "2032"]
[WhiteTeam "Croatia"]
[BlackTeam "Lithuania"]
[WhiteFideId "14514451"]
[BlackFideId "12800546"]
[EventDate "2014.08.02"]

1. e4 c5 2. Nf3 e6 3. d4 cxd4 4. Nxd4 Qb6 5. Nb3 Qc7 6. Bd3 a6 7. O-O Nf6 8. Qe2
d6 9. c4 Be7 10. Nc3 b6 11. Be3 Nbd7 12. f4 Bb7 13. Rac1 Rc8 14. Rfe1 O-O 15.
Nd2 Qb8 16. Bf2 Rfd8 17. Nf1 Bc6 18. Rcd1 Nc5 19. Bxc5 bxc5 20. Ng3 Nd7 21. Bb1
Bf6 22. Kh1 Bd4 23. Qc2 Nf8 24. Rd3 Rd7 25. Nce2 Bf6 26. Rb3 Qc7 27. Rd3 Qb7 28.
Rb3 Qc7 29. Rd3 g6 30. Ng1 Rdd8 31. Nf3 Nd7 32. Qd2 Nb6 33. b3 Bg7 34. Qf2 Bb7
35. Rde3 d5 36. exd5 exd5 37. Re7 Rd7 38. Rxd7 Qxd7 39. cxd5 Nxd5 40. Ne5 Qc7
41. Be4 Nb4 42. Bxb7 Qxb7 43. Rd1 Qb5 44. Ne4 Qa5 45. Nxf7 Qxa2 46. Qf3 Rf8 47.
Nfg5 Qc2 48. Ne6 Re8 49. N4xc5 Bf6 50. h3 Be7 51. Nd7 Qf5 52. Qe2 Bd8 53. Qc4
Qxe6 54. Qxb4 Bc7 55. Qc3 Bd8 56. Nc5 Qf7 57. Nxa6 Qxf4 58. Qc6 Rf8 59. Qc4+
Qxc4 60. bxc4 Be7 61. c5 Rc8 62. Rc1 Rc6 63. Ra1 Bxc5 64. Nxc5 1/2-1/2

[Event "41st Olympiad Women 2014"]
[Site "Tromso NOR"]
[Date "2014.08.10"]
[Round "8.17"]
[Board "1"]
[White "Cramling, Pia"]
[Black "Nakhbayeva, Guliskhan"]
[Result "1-0"]
[WhiteTitle "GM"]
[BlackTitle "WGM"]
[WhiteElo "2500"]
[BlackElo "2336"]
[WhiteTeam "Sweden"]
[BlackTeam "Kazakhstan"]
[WhiteFideId "1700030"]
[BlackFideId "13704788"]
[EventDate "2014.08.02"]

1. Nf3 e6 2. g3 b5 3. Bg2 Bb7 4. c3 c5 5. O-O Nf6 6. d4 cxd4 7. cxd4 Be7 8. Bg5
O-O 9. Qd3 d5 10. Rc1 a6 11. Nbd2 Nbd7 12. Nb3 Qb6 13. h3 h6 14. Be3 Rfc8 15.
Nc5 b4 16. a3 Nxc5 17. dxc5 Bxc5 18. Rxc5 Rxc5 19. Qd4 Nd7 20. Qg4 bxa3 21. Rxa3
Qxb2 22. Bd4 Qb1+ 23. Kh2 Qg6 24. Qf4 Rc4 25. Qd6 Bc6 26. e3 Rc2 27. Ne1 Rc4 28.
Nd3 Bb5 29. Rb3 Re8 30. Rxb5 axb5 31. Qxd7 Rec8 32. Ne5 Qf5 33. e4 dxe4 34. Nxc4
Rxc4 35. Be3 b4 36. Qb7 h5 37. Bf1 Rc3 38. Bg2 Rc4 39. h4 Qd5 40. Qb8+ Kh7 41.
Bf1 Rc6 42. Qxb4 f5 43. Qe7 Rc2 44. Qe8 Qd1 45. Bg2 Qg4 46. Qxe6 Qg6 47. Qd5 Rc6
48. Bh3 Rf6 49. Bg5 Rf8 50. Bf1 Qf7 51. Qc5 Re8 52. Bc4 Qf8 53. Qd5 Rc8 54. Be3
Rd8 55. Qe5 Kg6 56. Bg5 Qd6 57. Qa5 Rf8 58. Be3 Re8 59. Qa7 Qe7 60. Qb6+ Qf6 61.
Qb7 Rf8 62. Qa7 Qe5 63. Bd4 1-0

[Event "41st Olympiad Women 2014"]
[Site "Tromso NOR"]
[Date "2014.08.10"]
[Round "8.17"]
[Board "3"]
[White "Frisk, Ellinor"]
[Black "Abdumalik, Zhansaya"]
[Result "0-1"]
[WhiteTitle "WFM"]
[BlackTitle "WGM"]
[WhiteElo "2257"]
[BlackElo "2333"]
[WhiteTeam "Sweden"]
[BlackTeam "Kazakhstan"]
[WhiteFideId "1708481"]
[BlackFideId "13703544"]
[EventDate "2014.08.02"]

1. Nf3 g6 2. e4 Bg7 3. d4 d6 4. Bc4 e6 5. Bb3 Ne7 6. O-O a6 7. c3 h6 8. Re1 b6
9. Nbd2 O-O 10. Nf1 Bb7 11. Bf4 Nd7 12. h3 Kh7 13. Qd2 Nf6 14. Bc2 Nh5 15. Be3
f5 16. exf5 exf5 17. Qe2 Nd5 18. Bd2 Ndf4 19. Bxf4 Nxf4 20. Qe3 Nd5 21. Qe6 Nf4
22. Qe3 Nd5 23. Qe6 b5 24. h4 Nf6 25. Ng3 Bxf3 26. gxf3 h5 27. Bb3 Ng8 28. Re2
Qxh4 29. Rae1 Rad8 30. Qd5 Qg5 31. Kh1 Qf4 32. Re6 Nf6 33. Qc6 Kh6 34. Kg2 Qg5
35. f4 Qxf4 36. Qxc7 Ne4 37. Re2 Ng5 38. Re7 Bf6 39. R7e3 h4 40. Re1 h3+ 41. Kf1
Qh4 42. Qc6 f4 43. Re4 Nxe4 44. Rxe4 fxg3 45. Rxh4+ Bxh4 46. f3 g2+ 47. Kg1 Rde8 0-1

[Event "41st Olympiad Women 2014"]
[Site "Tromso NOR"]
[Date "2014.08.10"]
[Round "8.17"]
[Board "4"]
[White "Davletbayeva, Madina"]
[Black "Bengtsson, Jessica"]
[Result "1/2-1/2"]
[WhiteTitle "WIM"]
[WhiteElo "2289"]
[BlackElo "1933"]
[WhiteTeam "Kazakhstan"]
[BlackTeam "Sweden"]
[WhiteFideId "13703595"]
[BlackFideId "1711083"]
[EventDate "2014.08.02"]

1. e4 e5 2. Nf3 Nc6 3. Bb5 Bc5 4. c3 Nf6 5. d3 d6 6. O-O O-O 7. h3 Bb6 8. Bxc6
bxc6 9. Re1 Re8 10. Nbd2 Nd7 11. Nc4 h6 12. a4 a5 13. Be3 Qf6 14. Bxb6 cxb6 15.
d4 Ba6 16. dxe5 Nxe5 17. Nfxe5 dxe5 18. Nxb6 Rad8 19. Qc1 Qd6 20. Qe3 Rb8 21.
Rad1 Qc7 22. Nd7 Rxb2 23. Nc5 Bc8 24. Rb1 Qb6 25. Rxb2 Qxb2 26. Rd1 Be6 27. Rd6
Qb6 28. Kh2 Kh7 29. Nxe6 Qxe3 30. Nf8+ Rxf8 31. fxe3 Rc8 32. Rd7 Kg6 33. Ra7 Kf6
34. Rxa5 Ke6 35. Kg3 Rb8 36. Ra6 Kd6 37. Ra7 Ke6 38. Rc7 Rb6 39. Kf3 Ra6 40. a5
Rxa5 41. Rxc6+ Kd7 42. Rc4 Ra2 43. Rc5 Ke6 44. c4 Rc2 45. Rc7 Kf6 46. c5 Ke6 47.
Rc8 g6 48. h4 Kd7 49. Rh8 h5 50. g4 hxg4+ 51. Kxg4 Rg2+ 52. Kf3 Rc2 53. Kg4 Rg2+
54. Kf3 Rc2 55. Kg4 1/2-1/2

[Event "41st Olympiad Women 2014"]
[Site "Tromso NOR"]
[Date "2014.08.10"]
[Round "8.18"]
[Board "1"]
[White "Milovic, Aleksandra"]
[Black "Peng, Zhaoqin"]
[Result "1-0"]
[WhiteTitle "WFM"]
[BlackTitle "GM"]
[WhiteElo "2170"]
[BlackElo "2391"]
[WhiteTeam "Montenegro"]
[BlackTeam "Netherlands"]
[WhiteFideId "933988"]
[BlackFideId "1004786"]
[EventDate "2014.08.02"]

1. d4 Nf6 2. Bg5 d5 3. e3 c6 4. Bd3 Qb6 5. b3 Nbd7 6. Nf3 Ne4 7. O-O Nxg5 8.
Nxg5 Nf6 9. f4 Bg4 10. Qe1 h6 11. Nf3 Bxf3 12. Rxf3 g5 13. f5 Bg7 14. Nd2 O-O
15. Kh1 c5 16. dxc5 Qxc5 17. e4 Ng4 18. Rd1 d4 19. f6 exf6 20. Rf5 Qc7 21. Nf1
Rfe8 22. h3 Ne5 23. Qf2 Rad8 24. Ng3 Re6 25. Ne2 Qb6 26. Ng1 Ng6 27. Nf3 a6 28.
Nd2 Ne7 29. Rf3 Qc7 30. a4 Rc6 31. Rf1 Ng6 32. Nc4 b5 33. axb5 axb5 34. Na3 Ne5
35. Nxb5 Qb6 36. Na3 Nxf3 37. Qxf3 Qc5 38. Nc4 Rc7 39. Nd2 Qb4 40. Rf2 Ra7 41.
Kh2 Re8 42. Qf5 Qb8+ 43. g3 Re5 44. Qg4 Rc5 45. Nf3 Qd8 46. h4 Qd7 47. Qh5 Rc3
48. e5 Rxd3 49. cxd3 Qf5 50. Kg2 fxe5 51. hxg5 Qxd3 52. gxh6 Qh7 53. Nxe5 Qxh6
54. Qf5 Qe6 55. Qxe6 fxe6 56. Nd3 Rc7 57. Rd2 Kf7 58. Kf3 Ke7 59. Ke4 Ra7 60. b4
Ra1 61. Rb2 Kd6 62. b5 Bf6 63. b6 Ra8 64. b7 Rb8 65. Rb6+ Kc7 66. Rxe6 Rxb7 67.
Rxf6 Rb1 68. Kxd4 Rg1 69. Rf3 Kd6 70. Ke4 Ke6 71. Nf4+ Ke7 72. Kf5 Kf7 73. g4
Ra1 74. Rd3 Ra5+ 75. Rd5 Ra7 76. g5 Kg8 77. Rd8+ Kf7 78. g6+ 1-0

[Event "41st Olympiad Women 2014"]
[Site "Tromso NOR"]
[Date "2014.08.10"]
[Round "8.18"]
[Board "2"]
[White "Schut, Lisa"]
[Black "Blagojevic, Tijana"]
[Result "1/2-1/2"]
[WhiteTitle "WIM"]
[WhiteElo "2317"]
[BlackElo "2095"]
[WhiteTeam "Netherlands"]
[BlackTeam "Montenegro"]
[WhiteFideId "1019481"]
[BlackFideId "16500270"]
[EventDate "2014.08.02"]

1. e4 e5 2. Nf3 Nc6 3. Bb5 Nf6 4. O-O Nxe4 5. Re1 Nd6 6. Nxe5 Be7 7. Bf1 O-O 8.
d4 Nf5 9. c3 Nxe5 10. dxe5 d6 11. exd6 Bxd6 12. Nd2 Bc5 13. b4 Be7 14. Ne4 Qxd1
15. Rxd1 a5 16. Bg5 Bxg5 17. Nxg5 Nd6 18. b5 b6 19. c4 Nb7 20. Ne4 h6 21. g3 Be6
22. Bg2 Rad8 23. Rdc1 Nd6 24. Nxd6 cxd6 25. f4 Rc8 26. Bc6 Rfd8 27. a3 Bd7 28.
Bd5 Be6 29. Bc6 Bd7 30. Bxd7 Rxd7 31. Ra2 Rdc7 32. Rd2 Rxc4 33. Rxc4 Rxc4 34.
Rxd6 Rc3 35. a4 Rc4 36. Rxb6 Rxa4 37. Ra6 Ra2 38. f5 a4 39. f6 g5 40. h4 gxh4
41. gxh4 Rb2 42. Ra8+ Kh7 43. Rxa4 Rxb5 44. Rg4 Rf5 45. Rg7+ Kh8 46. Rxf7 Kg8
47. Rg7+ Kf8 48. Rg6 Kf7 49. Rxh6 Rxf6 50. Rh5 Kg6 51. Rg5+ Kh6 52. Kh2 Ra6 53.
Rg3 Rb6 54. Kh3 Ra6 55. Re3 Rb6 56. Re4 Ra6 57. Re5 Ra3+ 58. Kg4 Ra4+ 59. Kf5
Kh5 60. Re8 Kxh4 1/2-1/2

[Event "41st Olympiad Women 2014"]
[Site "Tromso NOR"]
[Date "2014.08.10"]
[Round "8.18"]
[Board "3"]
[White "Stojanovic, Marija R"]
[Black "Muhren, Bianca"]
[Result "1-0"]
[WhiteTitle "WFM"]
[BlackTitle "WGM"]
[WhiteElo "2100"]
[BlackElo "2314"]
[WhiteTeam "Montenegro"]
[BlackTeam "Netherlands"]
[WhiteFideId "931411"]
[BlackFideId "1008498"]
[EventDate "2014.08.02"]

1. e4 c5 2. b3 Nf6 3. e5 Nd5 4. Bb2 g6 5. d4 Bg7 6. dxc5 Qa5+ 7. Qd2 Qxc5 8. c4
Nb4 9. Nf3 N4c6 10. Ba3 Qa5 11. Qxa5 Nxa5 12. Nc3 Nac6 13. Nd5 Na6 14. O-O-O d6
15. exd6 exd6 16. Bxd6 Be6 17. Ne3 O-O-O 18. Ng5 Bd4 19. Nxe6 fxe6 20. Bg3 Nab4
21. a3 Bxe3+ 22. fxe3 Rxd1+ 23. Kxd1 Rd8+ 24. Kc1 Nd3+ 25. Kc2 Nc5 26. Be2 Ne4
27. Be1 Ne7 28. Bf3 Ng5 29. Bh4 Nxf3 30. gxf3 Re8 31. Bxe7 Rxe7 32. Kd3 Rd7+ 33.
Ke2 Rf7 34. h4 Rf5 35. f4 Kc7 36. Kf3 Kc6 37. Rg1 Rh5 38. Kg4 Ra5 39. Ra1 Kd6
40. b4 Rf5 41. Rd1+ Ke7 42. e4 Rf8 43. c5 Rc8 44. Rc1 Rc7 45. b5 e5 46. f5 Kf6
47. fxg6 hxg6 48. c6 Ke6 49. cxb7 Rxb7 50. Rc6+ Kf7 51. a4 Kg7 52. Kg5 Rd7 53.
Rxg6+ Kh7 54. Ra6 Rf7 55. Rf6 Rd7 56. Kf5 Rd4 57. Rf7+ Kh6 58. Rxa7 1-0

[Event "41st Olympiad Women 2014"]
[Site "Tromso NOR"]
[Date "2014.08.10"]
[Round "8.18"]
[Board "4"]
[White "Lanchava, Tea"]
[Black "Bacic, Kristina"]
[Result "1-0"]
[WhiteTitle "IM"]
[WhiteElo "2276"]
[BlackElo "1801"]
[WhiteTeam "Netherlands"]
[BlackTeam "Montenegro"]
[WhiteFideId "1005308"]
[BlackFideId "16500245"]
[EventDate "2014.08.02"]

1. Nf3 d5 2. d4 c6 3. e3 Nf6 4. Bd3 Bg4 5. O-O Nbd7 6. Be2 Bxf3 7. Bxf3 e5 8. g3
Bd6 9. dxe5 Nxe5 10. Bg2 O-O 11. b3 Qc7 12. Bb2 Neg4 13. Nd2 h5 14. h3 Bxg3 15.
fxg3 Nxe3 16. Qf3 Nxf1 17. Rxf1 Ne4 18. Nxe4 dxe4 19. Qc3 f5 20. Qc4+ Kh7 21.
Rf4 Rad8 22. Qf1 Qb6+ 23. Kh2 Qc5 24. Qe2 g6 25. Rf1 Qa5 26. Bc1 Qc3 27. Qf2
Rfe8 28. Be3 Rd7 29. Qf4 Qg7 30. Qg5 Red8 31. Bxa7 Ra8 32. Be3 Rxa2 33. Rf2 Ra1
34. g4 hxg4 35. hxg4 Kg8 36. gxf5 Qe5+ 37. Kh3 Rg1 38. fxg6 Qxg5 39. Bxg5 Rd5
40. Bh4 Rh5 41. Bxe4 Re1 42. Rf4 Re3+ 43. Kg4 Re5 44. Bd3 b5 45. Bf2 Rxd3 46.
cxd3 Rd5 47. d4 Kg7 48. Rf5 Rd6 49. Kh5 b4 50. Rf7+ Kg8 51. Kh6 c5 52. Rg7+ Kh8
53. Bg3 Rxd4 54. Be5 Rh4+ 55. Kg5 Re4 56. Rh7+ 1-0

[Event "41st Olympiad Women 2014"]
[Site "Tromso NOR"]
[Date "2014.08.10"]
[Round "8.19"]
[Board "1"]
[White "Munguntuul, Batkhuyag"]
[Black "Camacho, Chardine Cheradee"]
[Result "1-0"]
[WhiteTitle "IM"]
[BlackTitle "WIM"]
[WhiteElo "2410"]
[BlackElo "2214"]
[WhiteTeam "Mongolia"]
[BlackTeam "Philippines"]
[WhiteFideId "4900758"]
[BlackFideId "5201829"]
[EventDate "2014.08.02"]

1. d4 Nf6 2. Nf3 g6 3. Bf4 Bg7 4. e3 O-O 5. Bd3 d6 6. Nbd2 c5 7. O-O Nh5 8. Bg5
h6 9. Bh4 Nc6 10. c3 Be6 11. Re1 Qd7 12. a4 b6 13. Rb1 f5 14. b4 cxb4 15. cxb4
Nf6 16. Bxf6 Bxf6 17. b5 Na5 18. e4 Rac8 19. Nf1 fxe4 20. Bxe4 Kg7 21. Bc6 Nxc6
22. bxc6 Rxc6 23. d5 Bxd5 24. Qxd5 Rc5 25. Qd1 Rfc8 26. Ne3 d5 27. h3 h5 28. Nd4
Rd8 29. f4 e5 30. fxe5 Bxe5 31. Nef5+ Kf6 32. Nh4 Re8 33. Qd3 Qh7 34. Ndf3 1-0

[Event "41st Olympiad Women 2014"]
[Site "Tromso NOR"]
[Date "2014.08.10"]
[Round "8.19"]
[Board "2"]
[White "Frayna, Janelle Mae"]
[Black "Batchimeg, Tuvshintugs"]
[Result "0-1"]
[WhiteTitle "WFM"]
[BlackTitle "WGM"]
[WhiteElo "2205"]
[BlackElo "2346"]
[WhiteTeam "Philippines"]
[BlackTeam "Mongolia"]
[WhiteFideId "5212499"]
[BlackFideId "4900839"]
[EventDate "2014.08.02"]

1. Nf3 c5 2. c4 g6 3. Nc3 Bg7 4. g3 Nc6 5. Bg2 e6 6. d3 Nge7 7. Bg5 h6 8. Bd2
O-O 9. a3 d5 10. O-O b6 11. Rb1 a5 12. Qc1 Kh7 13. Qc2 Ba6 14. Na4 Rc8 15. e3 f5
16. Qb3 Rb8 17. Rfc1 d4 18. Ne1 dxe3 19. fxe3 Qd6 20. Qc2 Rfc8 21. Rd1 e5 22.
Nc3 Rf8 23. Nb5 Qd7 24. Nf3 Bxb5 25. cxb5 Na7 26. Bc3 Nd5 27. Re1 Nxc3 28. bxc3
Rfd8 29. e4 f4 30. gxf4 exf4 31. e5 Nxb5 32. Qb2 Nc7 33. d4 Nd5 34. dxc5 bxc5
35. Qxb8 Rxb8 36. Rxb8 Ne3 37. h3 Qe6 38. Rb7 Qa2 39. Bh1 Qc4 40. Bg2 Qa2 41.
Bh1 g5 42. Reb1 Qe6 43. R1b2 Nc4 44. Re2 Kg6 45. Bg2 Bf8 46. Rc7 Kh5 47. Nh2 Ne3
48. Bf3+ Kh4 49. Bg4 Qc4 50. Kf2 Nxg4+ 51. hxg4 Qxc3 52. Kg1 c4 53. e6 Qg3+ 54.
Rg2 Qe3+ 55. Kh1 Qe1+ 56. Rg1 Qe4+ 57. Rg2 Kh3 0-1

[Event "41st Olympiad Women 2014"]
[Site "Tromso NOR"]
[Date "2014.08.10"]
[Round "8.19"]
[Board "3"]
[White "Lkhamsuren, Uuganbayar"]
[Black "Fronda, Jan Jodilyn"]
[Result "0-1"]
[WhiteTitle "WFM"]
[WhiteElo "2125"]
[BlackElo "2098"]
[WhiteTeam "Mongolia"]
[BlackTeam "Philippines"]
[WhiteFideId "4901347"]
[BlackFideId "5204585"]
[EventDate "2014.08.02"]

1. d4 d5 2. c4 c6 3. Nc3 Nf6 4. e3 a6 5. Nf3 Bf5 6. Bd3 Bxd3 7. Qxd3 e6 8. O-O
Be7 9. e4 dxe4 10. Nxe4 Nbd7 11. Bf4 Nxe4 12. Qxe4 O-O 13. Rfd1 Nf6 14. Qe2 h6
15. Ne5 Bd6 16. Rd3 Qe7 17. Rg3 Kh8 18. Rd1 Rad8 19. Rdd3 Rg8 20. Rh3 Nh7 21. c5
Bb8 22. Qh5 Bxe5 23. Bxe5 f6 24. Bd6 Qe8 25. Qe2 Qf7 26. Rhe3 Rge8 27. Rb3 f5
28. Qe1 Nf6 29. Rf3 Rd7 30. Rbe3 Qg8 31. Rh3 Kh7 32. f3 Qf7 33. Rb3 Red8 34. Re3
Rxd6 35. cxd6 Rxd6 36. Rd3 Qd7 37. Qe5 Rd5 38. Qe3 c5 39. f4 Ng4 40. Qe2 c4 41.
Rd1 Rxd4 42. Rf1 b5 43. Rhf3 Rd2 44. Qe1 Qd4+ 45. Kh1 Qxb2 46. Qxe6 Qc2 47. Rg3
Rd1 48. Rf3 Qd3 49. Re1 Qe4 50. Qxe4 fxe4 51. Rff1 Rd2 52. h3 Nf2+ 53. Kg1 Nd3
54. Rxe4 c3 55. Re6 c2 56. Rc6 c1=Q 57. Rfxc1 Nxc1 58. Rxc1 Rxa2 59. Rc7 Kg6 60.
Rb7 Kf6 61. Kh2 Re2 62. Kg3 Re7 63. Rb6+ Re6 64. Rb7 g5 65. Kg4 Rc6 66. g3 Kg6
67. fxg5 hxg5 68. Rb8 Rc4+ 69. Kf3 Ra4 70. Rb6+ Kf7 71. Ke3 b4 72. Kd4 a5 73.
Ke5 Ra3 74. Kf5 Rxg3 75. Rb5 Ke7 76. Rxa5 Kd6 77. Rb5 b3 78. Rb8 Kc5 79. Rb7 Kc4
80. Rb8 Kc3 81. Rc8+ Kd2 82. Rb8 Kc2 83. Rc8+ Kd2 84. Rd8+ Kc2 85. Rc8+ Rc3 86.
Rb8 b2 87. Kxg5 Rxh3 88. Kg4 Rb3 89. Rc8+ Rc3 0-1

[Event "41st Olympiad Women 2014"]
[Site "Tromso NOR"]
[Date "2014.08.10"]
[Round "8.19"]
[Board "4"]
[White "Perena, Catherine"]
[Black "Ankhchimeg, Bayanmunkh"]
[Result "0-1"]
[WhiteTitle "WIM"]
[BlackTitle "WIM"]
[WhiteElo "2165"]
[BlackElo "2123"]
[WhiteTeam "Philippines"]
[BlackTeam "Mongolia"]
[WhiteFideId "5202744"]
[BlackFideId "4900600"]
[EventDate "2014.08.02"]

1. d4 f5 2. g3 Nf6 3. Bg2 g6 4. Nc3 Bg7 5. Bf4 d6 6. d5 c6 7. Qd3 cxd5 8. Nxd5
Nxd5 9. Bxd5 e6 10. Bg2 d5 11. Qb3 Nc6 12. Nf3 Qb6 13. c3 Qxb3 14. axb3 e5 15.
Bd2 e4 16. Ng1 d4 17. Nh3 Be6 18. c4 O-O-O 19. O-O-O h6 20. e3 g5 21. f3 exf3
22. Bxf3 dxe3 23. Bc3 Nd4 24. Bxd4 Bxd4 25. Be2 f4 26. Ng1 Bf6 27. gxf4 gxf4 28.
Nf3 Bf5 29. Rhg1 Rxd1+ 30. Bxd1 Rd8 31. Bc2 Bd7 32. Be4 Re8 33. Bd5 Bf5 34. b4
Kc7 35. Rf1 Re7 36. Ne1 Bh4 37. Bf3 Be4 38. Kd1 Bxf3+ 39. Rxf3 Rd7+ 40. Ke2 Rd2+
41. Kf1 e2+ 0-1

[Event "41st Olympiad Women 2014"]
[Site "Tromso NOR"]
[Date "2014.08.10"]
[Round "8.20"]
[Board "1"]
[White "Baklanova, Tatiana"]
[Black "Repkova, Eva"]
[Result "0-1"]
[WhiteTitle "WIM"]
[BlackTitle "IM"]
[WhiteElo "2229"]
[BlackElo "2358"]
[WhiteTeam "ICCD"]
[BlackTeam "Slovakia"]
[WhiteFideId "14100754"]
[BlackFideId "14900440"]
[EventDate "2014.08.02"]

1. d4 e6 2. c4 Nf6 3. Nc3 Bb4 4. e3 O-O 5. a3 Bxc3+ 6. bxc3 b6 7. Bd3 Bb7 8. f3
d5 9. Ne2 Nbd7 10. cxd5 exd5 11. O-O c5 12. Ng3 Re8 13. Ra2 Rc8 14. Raf2 Nb8 15.
Re1 Nc6 16. Bb2 h5 17. e4 dxe4 18. fxe4 Ng4 19. Rf4 cxd4 20. cxd4 Nxd4 21. Rxg4
hxg4 22. Qxg4 Ne6 23. Bb5 Qd2 24. Re2 Qd1+ 25. Kf2 Rc2 26. Bf6 Rxe2+ 27. Bxe2
Qd2 28. Nh5 Ba6 29. Bxg7 Qxe2+ 30. Qxe2 Bxe2 31. Kxe2 Nxg7 32. Nf6+ Kf8 33. Nxe8
Kxe8 34. g4 Ke7 35. h4 Kf6 36. Ke3 Ke5 37. h5 Ne6 38. h6 Ng5 39. a4 a6 40. Kd3
b5 41. axb5 axb5 0-1

[Event "41st Olympiad Women 2014"]
[Site "Tromso NOR"]
[Date "2014.08.10"]
[Round "8.20"]
[Board "2"]
[White "Stockova, Zuzana"]
[Black "Mucha, Annegret"]
[Result "1-0"]
[WhiteTitle "IM"]
[BlackTitle "WCM"]
[WhiteElo "2383"]
[BlackElo "2008"]
[WhiteTeam "Slovakia"]
[BlackTeam "ICCD"]
[WhiteFideId "14900866"]
[BlackFideId "24622788"]
[EventDate "2014.08.02"]

1. e4 c5 2. Nf3 d6 3. d4 cxd4 4. Nxd4 Nf6 5. Nc3 a6 6. Be2 e5 7. Nb3 Be7 8. Bg5
Be6 9. Bxf6 Bxf6 10. Qd3 Nc6 11. O-O-O Qb6 12. Nd5 Bxd5 13. exd5 Nd4 14. Nxd4
Qxd4 15. Qxd4 exd4 16. Bd3 O-O 17. f4 g6 18. h4 Bg7 19. h5 Rae8 20. g4 Re3 21.
Rdf1 Rfe8 22. hxg6 hxg6 23. Rhg1 Bf6 24. g5 Bd8 25. a3 Kg7 26. b4 Rh8 27. Kb2
Rhh3 28. Kb3 Rhg3 29. Rxg3 Rxg3 30. Kc4 Bb6 31. a4 Rh3 32. a5 Ba7 33. Kb3 Rh8
34. Re1 Rc8 35. Re7 Rc3+ 36. Kb2 1-0

[Event "41st Olympiad Women 2014"]
[Site "Tromso NOR"]
[Date "2014.08.10"]
[Round "8.20"]
[Board "3"]
[White "Myronenko, Natalya"]
[Black "Kochetkova, Julia"]
[Result "0-1"]
[BlackTitle "WGM"]
[WhiteElo "1942"]
[BlackElo "2338"]
[WhiteTeam "ICCD"]
[BlackTeam "Slovakia"]
[WhiteFideId "14124530"]
[BlackFideId "4139690"]
[EventDate "2014.08.02"]

1. e4 d6 2. d4 Nf6 3. Bd3 e5 4. Nf3 Nbd7 5. c3 Be7 6. Nbd2 O-O 7. O-O c6 8. dxe5
Nxe5 9. Nxe5 dxe5 10. Nc4 Nd7 11. Bc2 Qc7 12. Qf3 Nb6 13. Ne3 Be6 14. Nf5 Bf6
15. Qg3 Bxf5 16. exf5 Qe7 17. Bb3 Nc8 18. Be3 b6 19. Qf3 Qc7 20. Qg4 Nd6 21.
Rad1 Rad8 22. Bh6 Kh8 23. Bg5 Qe7 24. Bxf6 Qxf6 25. Qa4 Nxf5 26. Rxd8 Qxd8 27.
Qxc6 h6 28. Qe4 Qf6 29. Re1 Nd6 30. Qxe5 Re8 31. Qxe8+ Nxe8 32. Rxe8+ Kh7 33.
Bc2+ g6 34. Bb3 Kg7 35. g3 Qd6 36. Ra8 Qd7 37. h3 b5 38. h4 Qc7 39. Re8 a5 40.
Re3 Qd7 41. Bc2 Qd2 42. Be4 Qxb2 43. Bd5 Qd2 44. c4 Kf8 45. a3 Qc1+ 46. Kg2 bxc4
47. Rf3 f5 48. h5 gxh5 49. Rxf5+ Ke7 50. Rxh5 c3 51. Be4 Qxa3 52. Rxh6 Qb4 53.
Rh7+ Kf6 54. Rh4 a4 55. Bc2 Qxh4 56. gxh4 a3 57. Bb3 a2 58. Bxa2 c2 59. Bd5 c1=Q
60. Bf3 Qf4 61. h5 Ke5 62. Be2 Kd4 63. Kf1 Kc3 64. Kg2 Kd2 65. Kf1 Qe4 0-1

[Event "41st Olympiad Women 2014"]
[Site "Tromso NOR"]
[Date "2014.08.10"]
[Round "8.20"]
[Board "4"]
[White "Gazikova, Veronika"]
[Black "Marcinkeviciene, Egle"]
[Result "1-0"]
[WhiteTitle "WFM"]
[WhiteElo "2034"]
[BlackElo "1675"]
[WhiteTeam "Slovakia"]
[BlackTeam "ICCD"]
[WhiteFideId "14919311"]
[BlackFideId "12801011"]
[EventDate "2014.08.02"]

1. e4 c5 2. Nf3 d6 3. d4 cxd4 4. Nxd4 Nf6 5. Nc3 a6 6. h3 e6 7. g4 h6 8. Bg2 Be7
9. Be3 Nbd7 10. O-O Qc7 11. Qd2 Ne5 12. b3 Rb8 13. f4 Ned7 14. g5 Ng8 15. g6 Nb6
16. gxf7+ Kxf7 17. e5 Bh4 18. Ne4 Be7 19. f5 exf5 20. Nxf5 dxe5 21. Nxe7+ Kxe7
22. Qb4+ Ke6 23. Bxb6 1-0